Handbook of american idioms and idiomatic usage

Guardat en:
Dades bibliogràfiques
Autors principals: Whitford, Harold C (Autor), Dixson, Robert J (Autor)
Format: Llibre
Idioma:anglès
Publicat: Nueva York regents Publishing Co. Inc. 1953
Matèries:
Etiquetes: Afegir etiqueta
Sense etiquetes, Sigues el primer a etiquetar aquest registre!

MARC

LEADER 00000cam a2200000 a 4500
001 UCF5962
003 CL-VaPUC
008 130404e19530000US |||||||||||||||||eng|d
082 0 4 |a 400  |b WHI  |2 21 
100 0 |a Whitford, Harold C  |e author  |9 567990 
700 0 |a Dixson, Robert J  |e author  |9 567991 
245 1 0 |a Handbook of american idioms and idiomatic usage 
300 |a 155 p 
942 |c BK 
945 |d 20130404 00:00:00  |a dcastane 
260 |a Nueva York  |b regents Publishing Co. Inc.  |c 1953 
650 7 |a JERGAS  |2 CL-VaPUC  |9 464890 
650 7 |a IDIOMAS  |2 CL-VaPUC  |9 567992 
650 7 |a DIALECTOS  |2 CL-VaPUC  |9 348323 
650 0 |a Lingüística  |9 265068 
650 0 |a Lengua inglesa  |9 318842 
583 |a last modification  |c 20130404 09:53:00  |k Rodrigo Vera 
999 |c 351355  |d 351353 
952 |0 0  |1 0  |4 0  |6 400_000000000000000_WHI_1953  |7 0  |8 P  |9 455403  |a BIBEDU  |b BIBEDU  |c BIBEDU_PB  |d 2019-11-22  |i 4810023  |o 400 WHI 1953  |p 4810023  |r 2024-01-25  |w 2019-11-22  |y BK  |k LIT